| 000 | 01352nam a2200253Ia 4500 | ||
|---|---|---|---|
| 999 |
_c38974 _d38974 |
||
| 001 | 5433 | ||
| 003 | GE_BSU | ||
| 005 | 20200803121103.0 | ||
| 008 | 181216s2010||||ge |||||||||||||| ||geo|| | ||
| 020 | _a9789941102264 | ||
| 040 | _cGE_BSU | ||
| 041 | _ageo | ||
| 080 | _a343 წ-39 | ||
| 100 |
_aწერეთელი, თინათინ _9816 |
||
| 245 |
_aსისხლის სამართლის პრობლემები : _bტ.4 / _cთინათინ წერეთელი ; [სარედ. კოლ.: გიორგი ხუბუა (მთ. რედ.) [და სხვ.] ; წინათქმა ოთარ გამყრელიძე] ; თ. წერეთლის სახელმწიფოსა და სამართლის ინ-ტი. |
||
| 264 |
_aთბილისი : _bმერიდიანი, _c2010. |
||
| 300 |
_a467 გვ. _b20 სმ. ფოტ. |
||
| 501 | _aდანართი: გვ. 451-464. | ||
| 504 | _aბიბლიოგრაფია ტექსტის შენიშვნებში. | ||
| 653 | _aსისხლის სამართალი | ||
| 653 | _aანდრონიკაშვილი, ლუარსაბ. | ||
| 700 |
_aხუბუა, გიორგი _qრედაქტორი _99094 |
||
| 942 |
_cBK _2udc |
||